Pokémon - Personnages de la 2g - Statistiques

Statistiques générales
  • Ce quiz a été pris 90 fois
  • Le résultat moyen est 16 sur 23
Statistiques - réponses
Par images Réponse % Correct
Luth
100%
Silver
100%
Blanche
96%
Professeur Orme
92%
Jasmine
90%
Albert
87%
Mortimer
87%
Hector
85%
Sandra
85%
Chuck
83%
Clément
83%
Frédo
81%
Jeannine
77%
Marion
71%
Lambda
67%
Eusine
63%
Fargas
62%
Lance
48%
Amos
44%
Ariane
44%
Christy
33%
Fei
29%
Lula
29%
Aucun quiz correspondant
Distribution des résultats
% des personnes avec chaque résultat
Percentile par nombre de réponses
Votre historique - résultats
Vous n’avez pas pris ce quiz